[Event "World Blitz 2015"]
[Site "Berlin GER"]
[Date "2015.10.13"]
[Round "3.37"]
[White "Morozevich, Alexander"]
[Black "Khismatullin, Denis"]
[Result "1-0"]
[WhiteTitle "GM"]
[BlackTitle "GM"]
[WhiteElo "2711"]
[BlackElo "2651"]
[WhiteFideId "4116992"]
[BlackFideId "4142578"]
[EventDate "2015.10.13"]

1. d4 Nf6 2. c4 e6 3. Nc3 d5 4. cxd5 exd5 5. Bg5 c6 6. e3 Bf5 7. Qf3 Bg6 8. Bxf6
Qxf6 9. Qxf6 gxf6 10. h4 h6 11. h5 Bh7 12. Kd2 Nd7 13. Bd3 Bxd3 14. Kxd3 Rg8 15.
g3 f5 16. Nf3 Nf6 17. Ne2 Bd6 18. Nc1 a5 19. Ke2 a4 20. Nd3 Ke7 21. Rh3 Ne4 22.
Rc1 Ke6 23. Rc2 Ra5 24. Rh1 Rb5 25. Rhc1 Ra8 26. Nh4 Nf6 27. Ng2 Ne4 28. Ngf4+
Kf6 29. f3 Ng5 30. Kf2 Re8 31. Ne2 Ra5 32. Nc5 Bxc5 33. Rxc5 Rea8 34. Nf4 Ne6
35. Rxa5 Rxa5 36. Nd3 Rb5 37. Rc2 Ke7 38. f4 f6 39. Kf3 Kd6 40. g4 fxg4+ 41.
Kxg4 Ng7 42. f5 Ne8 43. Kf4 Ng7 44. Rg2 Nxh5+ 45. Kf3 Ke7 46. Rg6 a3 47. b4 Kf7
48. Rxh6 Ng7 49. Kf4 Rb6 50. Rh2 Ra6 51. Rc2 Ne8 52. b5 Rb6 53. bxc6 bxc6 54.
Rc5 Nd6 55. Ra5 Nb5 56. Nc5 Ke7 57. Ra8 Kd6 58. Re8 Nc3 59. Re6+ Kc7 60. Rxf6
Nxa2 61. Rf7+ Kc8 62. Ra7 Nc3 63. f6 Kb8 1-0

[Event "World Blitz 2015"]
[Site "Berlin GER"]
[Date "2015.10.13"]
[Round "3.38"]
[White "Alekseev, Evgeny"]
[Black "Ehlvest, Jaan"]
[Result "1-0"]
[WhiteTitle "GM"]
[BlackTitle "GM"]
[WhiteElo "2642"]
[BlackElo "2535"]
[WhiteFideId "4138147"]
[BlackFideId "4500016"]
[EventDate "2015.10.13"]

1. d4 Nf6 2. Nf3 b6 3. c4 Bb7 4. g3 c5 5. d5 b5 6. b3 e6 7. dxe6 fxe6 8. cxb5
Be7 9. Bg2 Qa5+ 10. Nbd2 Qxb5 11. O-O O-O 12. Nc4 d5 13. Nce5 Nbd7 14. Bb2 Nxe5
15. Nxe5 Rad8 16. Qc2 Bd6 17. e3 Qb6 18. Rac1 Bxe5 19. Bxe5 Ng4 20. Qb2 Rf7 21.
h3 Nxe5 22. Qxe5 Rdf8 23. Rc2 Ba6 24. Rd1 Rf5 25. Qc3 Rc8 26. h4 Rf6 27. Qe5 h6
28. g4 Qc7 29. Qxc7 Rxc7 30. Rdc1 c4 31. bxc4 Rxc4 32. Rxc4 Bxc4 33. a3 Rf7 34.
Rb1 Rc7 35. f4 Kf7 36. Kf2 Ke7 37. g5 Bd3 38. Rb2 hxg5 39. hxg5 Kd6 40. Bf3 a5
41. Rb6+ Ke7 42. Bg4 Bf5 43. Bxf5 exf5 44. Rb5 Rc2+ 45. Kf3 d4 46. exd4 Rc3+ 47.
Ke2 Rxa3 48. Rxf5 a4 49. Ra5 g6 50. Ra6 Kf7 51. d5 Ra1 52. Ra7+ Ke8 53. f5 gxf5
54. g6 Rg1 55. g7 a3 56. d6 a2 57. Rxa2 Kd7 58. Ra8 1-0

[Event "World Blitz 2015"]
[Site "Berlin GER"]
[Date "2015.10.13"]
[Round "3.39"]
[White "Savchenko, Boris"]
[Black "Milanovic, Danilo"]
[Result "1-0"]
[WhiteTitle "GM"]
[BlackTitle "GM"]
[WhiteElo "2567"]
[BlackElo "2469"]
[WhiteFideId "4147332"]
[BlackFideId "915483"]
[EventDate "2015.10.13"]

1. e4 d5 2. exd5 Qxd5 3. Nc3 Qd8 4. Bc4 Nf6 5. d4 a6 6. Bg5 b5 7. Qf3 Ra7 8. Bb3
Bb7 9. d5 c5 10. Qe3 Nbd7 11. a4 b4 12. Ne4 Nxe4 13. Qxe4 Nf6 14. Qe2 Bxd5 15.
O-O-O Rd7 16. Nf3 h6 17. Bh4 g5 18. Bg3 Bg7 19. Ne5 Rd6 20. Bxd5 Rxd5 21. Qxa6
O-O 22. Nc6 Qd7 23. Be5 e6 24. Rxd5 exd5 25. Rd1 Re8 26. f3 Kh7 27. Bxf6 Bxf6
28. Qd3+ Kg7 29. Qxd5 Qc7 30. Qd6 Qc8 31. Qd7 Qa8 32. a5 Re2 33. Qd3 Rxg2 34.
Qe4 Qa6 35. Kb1 b3 36. Rc1 bxc2+ 37. Rxc2 Rg1+ 38. Ka2 Qb5 39. Rd2 Bd4 40. Rxd4
cxd4 41. Qxd4+ Kg8 42. Ne7+ Kf8 43. Qxg1 Qc4+ 44. b3 Qc2+ 45. Ka3 Qc5+ 46. Qxc5 1-0

[Event "World Blitz 2015"]
[Site "Berlin GER"]
[Date "2015.10.13"]
[Round "3.40"]
[White "Agdestein, Simen"]
[Black "Meier, Georg"]
[Result "0-1"]
[WhiteTitle "GM"]
[BlackTitle "GM"]
[WhiteElo "2606"]
[BlackElo "2654"]
[WhiteFideId "1500015"]
[BlackFideId "4675789"]
[EventDate "2015.10.13"]

1. d4 Nf6 2. c4 e6 3. Nf3 d5 4. Nc3 dxc4 5. e3 a6 6. a4 c5 7. Bxc4 Nc6 8. O-O
Be7 9. Qe2 O-O 10. Rd1 Qc7 11. b3 cxd4 12. exd4 Na5 13. Bb2 Re8 14. Ne5 b6 15.
Ne4 Nxc4 16. bxc4 Nxe4 17. Qxe4 Bb7 18. Qe2 Bd6 19. f4 f6 20. Nf3 Bxf4 21. h3
Rac8 22. Bc1 Bd6 23. Rb1 a5 24. Be3 Bb4 25. c5 Bd5 26. Rdc1 Qc6 27. cxb6 Qxb6
28. Rxc8 Rxc8 29. Ne1 Qc6 30. Nd3 Qc2 31. Qxc2 Rxc2 32. Nxb4 Rxg2+ 33. Kf1 axb4
34. Rxb4 Rg3 35. Bd2 Rxh3 36. a5 Ra3 37. Rb8+ Kf7 38. Bb4 Ra2 39. Rc8 g5 40.
Rc7+ Kg6 41. Rc8 h5 42. Ke1 h4 43. Rh8 Kf5 44. Rh6 Ke4 45. Rxf6 h3 46. Rh6 h2
47. Bc3 Kd3 48. Rh3+ Kc4 49. Kd1 h1=R+ 0-1

[Event "World Blitz 2015"]
[Site "Berlin GER"]
[Date "2015.10.13"]
[Round "3.41"]
[White "Salem, A.R. Saleh"]
[Black "Maze, Sebastien"]
[Result "1-0"]
[WhiteTitle "GM"]
[BlackTitle "GM"]
[WhiteElo "2624"]
[BlackElo "2582"]
[WhiteFideId "9301348"]
[BlackFideId "613762"]
[EventDate "2015.10.13"]

1. d4 Nf6 2. c4 g6 3. Nc3 Bg7 4. e4 d6 5. f3 O-O 6. Nge2 Nbd7 7. Be3 c6 8. g4 a6
9. a4 h5 10. h3 c5 11. d5 Ne5 12. Nf4 Bh6 13. Be2 h4 14. Ne6 Bxe3 15. Nxd8 Rxd8
16. f4 Bxf4 17. O-O Bg5 18. a5 Bd7 19. Kg2 Rab8 20. Qc2 Kg7 21. Ra3 e6 22. Rb3
exd5 23. exd5 Bc8 24. Rb6 Kf8 25. Ne4 Nxe4 26. Qxe4 Re8 27. Rxd6 Nxg4 28. Rxf7+
Kxf7 29. Qxg6+ Kf8 30. Bxg4 Bxg4 31. Qxg5 1-0

[Event "World Blitz 2015"]
[Site "Berlin GER"]
[Date "2015.10.13"]
[Round "3.42"]
[White "Bindrich, Falko"]
[Black "Bruzon Batista, Lazaro"]
[Result "0-1"]
[WhiteTitle "GM"]
[BlackTitle "GM"]
[WhiteElo "2594"]
[BlackElo "2659"]
[WhiteFideId "4676670"]
[BlackFideId "3503739"]
[EventDate "2015.10.13"]

1. Nf3 Nf6 2. c4 e6 3. g3 d5 4. d4 Be7 5. Bg2 O-O 6. O-O c6 7. Nbd2 b6 8. Qc2
Bb7 9. e4 Na6 10. Re1 Rc8 11. b3 Nb4 12. Qb1 dxe4 13. Nxe4 c5 14. Nxf6+ Bxf6 15.
Ng5 Bxg5 16. Bxg5 Qxg5 17. Bxb7 Rc7 18. Be4 cxd4 19. Bxh7+ Kh8 20. Re4 g6 21.
Rh4 Kg7 22. Qe4 Nc6 23. b4 Qf5 24. Qe1 Ne5 25. Rf4 Qxf4 0-1

[Event "World Blitz 2015"]
[Site "Berlin GER"]
[Date "2015.10.13"]
[Round "3.44"]
[White "Swiercz, Dariusz"]
[Black "Cheparinov, Ivan"]
[Result "0-1"]
[WhiteTitle "GM"]
[BlackTitle "GM"]
[WhiteElo "2620"]
[BlackElo "2681"]
[WhiteFideId "1126881"]
[BlackFideId "2905540"]
[EventDate "2015.10.13"]

1. e4 c5 2. Nc3 d6 3. Nge2 a6 4. g3 b5 5. Bg2 Bb7 6. d3 e6 7. O-O Nc6 8. Be3 Nf6
9. h3 Be7 10. f4 Qc7 11. Qd2 Nd7 12. a4 b4 13. Nd1 Bf6 14. c3 Na5 15. Qc2 bxc3
16. bxc3 d5 17. Nf2 dxe4 18. Nxe4 O-O 19. f5 c4 20. fxe6 fxe6 21. d4 Rae8 22.
Rae1 Nb3 23. Nf4 e5 24. Nxf6+ Nxf6 25. dxe5 Bxg2 26. Qxg2 Qxe5 27. Qc6 Rc8 28.
Qe6+ Qxe6 29. Nxe6 Rfe8 30. Nd4 Nd5 31. Bf2 Nxc3 32. Nf5 Ne2+ 33. Kg2 Re5 34.
Nd6 Rc6 35. Nf7 Re7 36. Nd8 Rc8 37. Nb7 c3 38. Nd6 Rc6 39. Nf5 Re5 40. Nd4 Nbxd4
41. Bxd4 Re4 42. Rf2 c2 43. Bb2 Nf4+ 44. Kf1 Rxe1+ 45. Kxe1 Nd3+ 0-1

[Event "World Blitz 2015"]
[Site "Berlin GER"]
[Date "2015.10.13"]
[Round "3.45"]
[White "Sethuraman, S.P."]
[Black "Edouard, Romain"]
[Result "1-0"]
[WhiteTitle "GM"]
[BlackTitle "GM"]
[WhiteElo "2640"]
[BlackElo "2636"]
[WhiteFideId "5021596"]
[BlackFideId "633429"]
[EventDate "2015.10.13"]

1. d4 d5 2. Nc3 g6 3. Bf4 Bg7 4. Qd2 c5 5. dxc5 d4 6. Nb5 Na6 7. O-O-O e5 8.
Nd6+ Kf8 9. Bg3 Nxc5 10. Nc4 Be6 11. Nxe5 Ne7 12. Ngf3 Bxa2 13. Qb4 Rc8 14. Nxd4
Nd5 15. Qa3 Bxe5 16. Bxe5 Qg5+ 17. f4 Nxf4 18. Bxf4 Qxf4+ 19. e3 Qf2 20. Qxa2
Qxe3+ 21. Kb1 Kg7 22. Bc4 Rhd8 23. Nf3 b5 24. Bxf7 Na4 25. Bb3 Nc5 26. Qxa7+ Kh6
27. h4 Ra8 28. Qf7 Nxb3 29. Qxb3 Qa7 30. Qa3 Qf7 31. Qe3+ Kg7 32. Rxd8 Qa2+ 33.
Kc1 Rxd8 34. Qa3 Qf7 35. Re1 Rd7 36. Ne5 Qf4+ 37. Qe3 1-0

[Event "World Blitz 2015"]
[Site "Berlin GER"]
[Date "2015.10.13"]
[Round "3.48"]
[White "Ponkratov, Pavel"]
[Black "Olafsson, Helgi"]
[Result "0-1"]
[WhiteTitle "GM"]
[BlackTitle "GM"]
[WhiteElo "2604"]
[BlackElo "2549"]
[WhiteFideId "4157800"]
[BlackFideId "2300010"]
[EventDate "2015.10.13"]

1. e4 d5 2. exd5 Qxd5 3. Nc3 Qd6 4. d4 c6 5. Bc4 Nf6 6. Nge2 Bf5 7. Bf4 Qb4 8.
Bb3 Nbd7 9. O-O e6 10. Bc7 Rc8 11. a3 Qe7 12. Bg3 Qd8 13. Bc4 Be7 14. Bd3 Bxd3
15. Qxd3 O-O 16. Rad1 Nb6 17. Kh1 Nbd5 18. Nxd5 Nxd5 19. Qe4 b5 20. Qd3 a5 21.
a4 bxa4 22. Ra1 Qb6 23. c4 Qa6 24. Qc2 Nb6 25. c5 Nd5 26. Nc3 Nb4 27. Qxa4 Qc4
28. Rfd1 Rfd8 29. Qxa5 Rxd4 30. Rxd4 Qxd4 31. h3 Qxc5 32. Qa4 Nd5 33. Ne4 Qb5
34. Qc2 h5 35. Ra7 h4 36. Bd6 Qf1+ 37. Kh2 Bxd6+ 38. Nxd6 Nf4 39. Qe4 Ne2 40.
Qxe2 Qxe2 41. Nxc8 Qxf2 42. Ra8 Kh7 43. b4 Qf4+ 44. Kh1 Qxb4 45. Ra7 Qe1+ 46.
Kh2 Qg3+ 47. Kh1 Qf4 48. Ne7 c5 49. Ra5 Qc1+ 50. Kh2 Qd2 51. Ra6 c4 52. Rc6 c3
53. Rc4 Qd6+ 0-1

[Event "World Blitz 2015"]
[Site "Berlin GER"]
[Date "2015.10.13"]
[Round "3.49"]
[White "Ragger, Markus"]
[Black "Handke, Florian"]
[Result "1-0"]
[WhiteTitle "GM"]
[BlackTitle "GM"]
[WhiteElo "2698"]
[BlackElo "2531"]
[WhiteFideId "1610856"]
[BlackFideId "4634527"]
[EventDate "2015.10.13"]

1. d4 d5 2. c4 c6 3. Nf3 Nf6 4. Nc3 a6 5. a4 e6 6. g3 a5 7. Bg2 Be7 8. O-O O-O
9. Bf4 Na6 10. Ne5 Nd7 11. Nxd7 Bxd7 12. b3 Nb4 13. e4 Bg5 14. Bxg5 Qxg5 15. Re1
dxc4 16. bxc4 e5 17. d5 Rfd8 18. Na2 c5 19. Nc3 b6 20. h4 Qe7 21. Qd2 h6 22. Kh2
Be8 23. Qe2 Rd6 24. Bh3 Rad8 25. Nd1 g5 26. Ne3 gxh4 27. Nf5 hxg3+ 28. fxg3 Qg5
29. Nxd6 Rxd6 30. Rf1 Kg7 31. Ra3 Kf8 32. Rf5 Qc1 33. Raf3 Nc2 34. Qf2 Rd7 35.
Rxe5 Nd4 36. Rxe8+ Kxe8 37. Bxd7+ Kxd7 38. Rxf7+ Kc8 39. Rf8+ Kb7 40. Qf7+ Ka6
41. Ra8# 1-0

[Event "World Blitz 2015"]
[Site "Berlin GER"]
[Date "2015.10.13"]
[Round "3.50"]
[White "Akopian, Vladimir"]
[Black "Al-Sayed, Mohammed"]
[Result "1-0"]
[WhiteTitle "GM"]
[BlackTitle "GM"]
[WhiteElo "2648"]
[BlackElo "2520"]
[WhiteFideId "13300032"]
[BlackFideId "12100196"]
[EventDate "2015.10.13"]

1. Nf3 Nf6 2. g3 g6 3. Bg2 Bg7 4. O-O c5 5. c4 O-O 6. Nc3 d5 7. cxd5 Nxd5 8. Qb3
Nb6 9. d3 Nc6 10. Qb5 Nd7 11. Be3 a6 12. Qa4 Rb8 13. Rac1 b5 14. Qh4 Bb7 15. Bh6
Nf6 16. Ne4 Nxe4 17. dxe4 Nd4 18. Ng5 f6 19. Bxg7 fxg5 20. Qh6 Nxe2+ 21. Kh1
Nxc1 22. Be5 Rf7 23. Bxb8 Qxb8 24. Rxc1 Rxf2 25. Qxg5 Qd6 26. Qe3 Rxb2 27. a3 c4
28. Rf1 Qd2 29. Qf3 Qd8 30. Qf7+ Kh8 31. Qe6 Bc8 32. Qe5+ 1-0

[Event "World Blitz 2015"]
[Site "Berlin GER"]
[Date "2015.10.13"]
[Round "3.51"]
[White "Mikhalevski, Victor"]
[Black "Bacrot, Etienne"]
[Result "1/2-1/2"]
[WhiteTitle "GM"]
[BlackTitle "GM"]
[WhiteElo "2536"]
[BlackElo "2697"]
[WhiteFideId "2801914"]
[BlackFideId "605506"]
[EventDate "2015.10.13"]

1. Nf3 Nf6 2. g3 c5 3. Bg2 d5 4. O-O Nc6 5. d4 e6 6. c4 dxc4 7. dxc5 Qxd1 8.
Rxd1 Bxc5 9. Nbd2 c3 10. bxc3 O-O 11. Nb3 Be7 12. c4 Bd7 13. Bb2 Rfd8 14. Nfd4
Rac8 15. Nxc6 Bxc6 16. Bxc6 bxc6 17. Bc3 Kf8 18. Ba5 Rxd1+ 19. Rxd1 Ke8 20. f4
c5 21. Bc3 Rc6 22. Bxf6 Bxf6 23. Kf2 Ra6 24. Rd2 Be7 25. e4 Ra4 26. Rc2 Kd7 27.
Ke3 Kc6 28. e5 h5 29. h3 g5 30. fxg5 Bxg5+ 31. Kd3 Bh6 32. Rf2 Bg7 33. Rxf7 Bxe5
34. Re7 Kd6 35. Rxe6+ Kxe6 36. Nxc5+ Kf5 37. g4+ hxg4 38. hxg4+ Kxg4 39. Nxa4
Kf5 40. Nc5 Bg7 41. Nb3 Ke5 42. Nd4 a6 43. Nc6+ Kd6 44. Nb4 a5 45. Nd5 Kc5 46.
Nc3 Kb4 47. Nd5+ Ka3 48. c5 Kxa2 49. Ke4 Bf8 50. c6 Bd6 51. c7 Bxc7 52. Nxc7 1/2-1/2

[Event "World Blitz 2015"]
[Site "Berlin GER"]
[Date "2015.10.13"]
[Round "3.52"]
[White "Pavlidis, Antonios"]
[Black "Jumabayev, Rinat"]
[Result "0-1"]
[WhiteTitle "GM"]
[BlackTitle "GM"]
[WhiteElo "2522"]
[BlackElo "2606"]
[WhiteFideId "4212312"]
[BlackFideId "13702661"]
[EventDate "2015.10.13"]

1. e4 e5 2. Nf3 Nc6 3. Bb5 a6 4. Ba4 Nf6 5. O-O Be7 6. Re1 b5 7. Bb3 d6 8. c3
O-O 9. d4 Bg4 10. Be3 Na5 11. Bc2 Nc4 12. Bc1 exd4 13. cxd4 c5 14. b3 Na5 15.
Nbd2 cxd4 16. h3 Bh5 17. Bb2 Nc6 18. Qb1 Qb6 19. a4 Bg6 20. Nf1 Nd7 21. Rd1 Bf6
22. N1h2 d3 23. Bxd3 Bxb2 24. Qxb2 Nc5 25. axb5 axb5 26. Rac1 Nxd3 27. Rxd3 Nb4
28. Qd4 Qa5 29. Rd2 Rfe8 30. Qxd6 Bxe4 31. Rd4 Na2 32. Re1 Bg6 33. Rxe8+ Rxe8
34. Ng4 Nc3 35. Kh2 Ne4 36. Qc6 f6 37. Nh4 Qc3 38. Qxc3 Nxc3 39. Nxg6 hxg6 40.
Ne3 Ne4 41. Kg1 Nc5 42. Rb4 Rb8 43. Nd5 Nd3 44. Rd4 Ne5 45. Nc7 Rb7 46. Ne6 g5
47. Rd5 b4 48. Rc5 Ng6 49. Rc8+ Kh7 50. g3 Ne5 51. Rc4 Nxc4 52. bxc4 b3 0-1

[Event "World Blitz 2015"]
[Site "Berlin GER"]
[Date "2015.10.13"]
[Round "3.54"]
[White "Ganguly, Surya Shekhar"]
[Black "Kravtsiv, Martyn"]
[Result "0-1"]
[WhiteTitle "GM"]
[BlackTitle "GM"]
[WhiteElo "2652"]
[BlackElo "2621"]
[WhiteFideId "5002150"]
[BlackFideId "14113147"]
[EventDate "2015.10.13"]

1. d4 Nf6 2. Nf3 e6 3. e3 d5 4. Bd3 c5 5. O-O Nc6 6. c3 Bd6 7. dxc5 Bxc5 8. b4
Bd6 9. Nbd2 O-O 10. Bb2 Bd7 11. a3 a5 12. Qe2 Ne7 13. e4 e5 14. Rfe1 Re8 15.
Rad1 axb4 16. axb4 Ra2 17. Rb1 Ng6 18. g3 Bf8 19. Bc2 Ra8 20. Bb3 Bc6 21. b5 Bd7
22. exd5 e4 23. Nd4 Bg4 24. Qf1 Ne5 25. Bc2 Qd7 26. Nxe4 Nxd5 27. f3 Bh3 28. Qf2
Nc4 29. Bb3 Nxb2 30. Rxb2 Nxc3 31. Rd2 Nxe4 32. fxe4 Bb4 33. Rdd1 Bxe1 34. Qxe1
Qe7 35. Bd5 Kh8 36. Qf2 f6 37. Ne2 Bg4 38. Re1 Rac8 39. Nf4 Rc3 40. h3 Bc8 41.
Kh2 Qc7 42. Re2 Bd7 43. Bf7 Rf8 44. Nd5 Qxg3+ 45. Qxg3 Rxg3 46. Kxg3 Rxf7 47. b6
h6 48. Ra2 Bc6 49. Nc3 Rd7 50. Kf4 Rd3 51. Ne2 Rxh3 52. Nd4 Bd7 53. Rc2 g5# 0-1

[Event "World Blitz 2015"]
[Site "Berlin GER"]
[Date "2015.10.13"]
[Round "3.55"]
[White "Bartel, Mateusz"]
[Black "Riff, Jean-Noel"]
[Result "1-0"]
[WhiteTitle "GM"]
[BlackTitle "GM"]
[WhiteElo "2622"]
[BlackElo "2499"]
[WhiteFideId "1112635"]
[BlackFideId "611190"]
[EventDate "2015.10.13"]

1. e4 c5 2. Nf3 d6 3. c3 Nf6 4. Bd3 Nc6 5. Bc2 Bg4 6. d3 e6 7. h3 Bh5 8. Nbd2
Be7 9. Nf1 b5 10. Ng3 Bg6 11. O-O O-O 12. Nh4 Nd7 13. Nxg6 hxg6 14. a4 b4 15. f4
bxc3 16. bxc3 d5 17. Qf3 d4 18. c4 Nb4 19. Bd1 f5 20. Nh1 e5 21. Nf2 exf4 22.
Bxf4 g5 23. Bh2 f4 24. Ng4 Bf6 25. e5 Bxe5 26. Qe4 Bf6 27. Bf3 Rb8 28. Rf2 Qc7
29. Re1 Rbe8 30. Qxe8 Rxe8 31. Rxe8+ Kf7 32. Rfe2 Nf8 33. Nxf6 gxf6 34. Bh5+ Kg8
35. Bg6 Kg7 36. Bf5 Qd6 37. R2e7+ Kh6 38. Rxf8 Qxe7 39. Rh8+ Kg7 40. Rh7+ Kf8
41. Rxe7 Kxe7 42. g3 1-0

[Event "World Blitz 2015"]
[Site "Berlin GER"]
[Date "2015.10.13"]
[Round "3.56"]
[White "Kovalev, Vladislav"]
[Black "Bok, Benjamin"]
[Result "1-0"]
[WhiteTitle "GM"]
[BlackTitle "GM"]
[WhiteElo "2546"]
[BlackElo "2591"]
[WhiteFideId "13504398"]
[BlackFideId "1017063"]
[EventDate "2015.10.13"]

1. d4 Nf6 2. Nc3 d5 3. Bf4 e6 4. Nb5 Na6 5. e3 Be7 6. Nf3 O-O 7. h3 Ne4 8. Bd3
c6 9. Nc3 Nxc3 10. bxc3 c5 11. O-O c4 12. Be2 Nc7 13. a4 Bd6 14. Re1 Ne8 15. Bf1
Bd7 16. g4 Bxf4 17. exf4 Qc7 18. Ne5 Nd6 19. Bg2 f6 20. Nxd7 Qxd7 21. f5 exf5
22. Bxd5+ Kh8 23. Be6 Qc7 24. gxf5 Rae8 25. Qh5 Re7 26. Re3 Rfe8 27. Rae1 Qd8
28. Rg3 Qa5 29. Rge3 Qxa4 30. Bg8 Rxg8 31. Rxe7 Qxc2 32. Rd7 Nxf5 33. Re8 Qb1+
34. Kh2 h6 35. Rxg8+ Kxg8 36. Qg6 Qb6 37. Qxf5 Qb2 38. Rd8+ Kf7 39. Rd7+ Kg8 40.
d5 a5 41. d6 Qd2 42. Rd8+ Kf7 43. d7 Qd6+ 44. Kg1 a4 45. Re8 g6 46. d8=Q Qxd8
47. Qxg6+ 1-0

[Event "World Blitz 2015"]
[Site "Berlin GER"]
[Date "2015.10.13"]
[Round "3.57"]
[White "Kunin, Vitaly"]
[Black "Bachmann, Axel"]
[Result "0-1"]
[WhiteTitle "GM"]
[BlackTitle "GM"]
[WhiteElo "2556"]
[BlackElo "2593"]
[WhiteFideId "4128737"]
[BlackFideId "3700488"]
[EventDate "2015.10.13"]

1. d4 g6 2. g3 Bg7 3. Bg2 Nf6 4. Nf3 O-O 5. O-O d6 6. c4 Nbd7 7. Nc3 e5 8. dxe5
dxe5 9. h3 c6 10. Bg5 h6 11. Be3 Qe7 12. Qd2 Kh7 13. Rfd1 Re8 14. Rac1 Nc5 15.
Qd6 Qxd6 16. Rxd6 Nce4 17. Nxe4 Nxe4 18. Rdd1 f5 19. b3 a5 20. Nd2 Nxd2 21. Bxd2
e4 22. Bc3 a4 23. b4 Be6 24. Bxg7 Kxg7 25. a3 Red8 26. c5 Bb3 27. Rxd8 Rxd8 28.
f3 e3 29. Rc3 Rd1+ 30. Kh2 Ra1 31. Rxe3 Kf6 32. Re8 Rxa3 33. f4 Bc4 34. Rb8 Ba6
35. Ra8 Bb5 36. Ra7 Ra2 37. Rxb7 Rxe2 38. Ra7 Rb2 39. Kg1 Rxb4 40. Bxc6 Rb1+ 41.
Kf2 Rb2+ 42. Kg1 Bxc6 43. Ra6 a3 44. Rxa3 Rg2+ 45. Kf1 Rc2 46. Ra5 Ke6 47. Ke1
Kd5 48. Ra7 Rg2 49. Ra3 Kxc5 50. Re3 Kd4 51. Re6 Be4 52. Rxg6 Ke3 53. Kf1 Rh2 0-1

[Event "World Blitz 2015"]
[Site "Berlin GER"]
[Date "2015.10.13"]
[Round "3.58"]
[White "Donchenko, Alexander"]
[Black "Grandelius, Nils"]
[Result "1-0"]
[WhiteTitle "GM"]
[BlackTitle "GM"]
[WhiteElo "2577"]
[BlackElo "2647"]
[WhiteFideId "24603295"]
[BlackFideId "1710400"]
[EventDate "2015.10.13"]

1. d4 Nf6 2. c4 e6 3. Nf3 d5 4. g3 g6 5. b3 Bg7 6. Bb2 O-O 7. Bg2 b6 8. cxd5
exd5 9. O-O Na6 10. Nc3 Re8 11. Rc1 Bb7 12. a3 c5 13. Qd3 Qe7 14. Rfd1 Rad8 15.
e3 Nc7 16. Na4 Ne6 17. Qb1 Bc6 18. Nc3 Ne4 19. Nxe4 dxe4 20. Nd2 f5 21. dxc5
Bxb2 22. Qxb2 Nxc5 23. Bf1 Ba8 24. Bc4+ Bd5 25. Bb5 Nd3 26. Bxd3 exd3 27. Rc3
Ba8 28. Rdc1 Rd7 29. Rc8 Rxc8 30. Rxc8+ Rd8 31. Qc3 Qd7 32. Rc7 1-0

[Event "World Blitz 2015"]
[Site "Berlin GER"]
[Date "2015.10.13"]
[Round "3.59"]
[White "Volokitin, Andrei"]
[Black "Przybylski, Wojciech"]
[Result "1/2-1/2"]
[WhiteTitle "GM"]
[BlackTitle "FM"]
[WhiteElo "2639"]
[BlackElo "2354"]
[WhiteFideId "14107090"]
[BlackFideId "1117599"]
[EventDate "2015.10.13"]

1. e4 e5 2. Nf3 Nf6 3. Nxe5 d6 4. Nf3 Nxe4 5. Nc3 Nxc3 6. dxc3 Be7 7. Be3 Nc6 8.
Qd2 Ne5 9. O-O-O O-O 10. Kb1 c6 11. h4 Ng4 12. Bg5 h6 13. Bd3 d5 14. Bxe7 Qxe7
15. Nd4 Qf6 16. f3 Ne5 17. g4 c5 18. g5 Qb6 19. Nf5 Bxf5 20. Bxf5 Nc4 21. Qc1
Rad8 22. Rhe1 g6 23. Bd3 h5 24. Bxc4 dxc4 25. Qf4 Qe6 26. a3 Rxd1+ 27. Rxd1 b5
28. Rd6 Qe7 29. Qd2 a5 30. Qd5 Kh7 31. Qxc5 Rd8 32. Rd5 Qe1+ 33. Ka2 Rxd5 34.
Qxd5 Kg8 35. a4 bxa4 36. Qxc4 Qe5 37. Qd4 Qe6+ 38. Ka3 Qe2 39. Qe4 Qf2 40. Kxa4
Qb6 41. b3 Qc5 42. Qd4 Qf5 43. Qd3 Qf4+ 44. Qe4 Qc7 45. Kb5 Qxc3 46. Qd5 Qb4+
47. Ka6 a4 48. Qd8+ Kh7 49. Qd7 a3 50. Qxf7+ Kh8 51. Qf6+ Kh7 52. Qf7+ Kh8 53.
Qxg6 a2 54. Qe8+ Kg7 55. Qd7+ Kf8 56. Qd8+ Kf7 57. Qd5+ Kg7 58. Qd7+ Kf8 59.
Qd8+ Kf7 60. Qd7+ 1/2-1/2

[Event "World Blitz 2015"]
[Site "Berlin GER"]
[Date "2015.10.13"]
[Round "3.60"]
[White "Abel, Dennes"]
[Black "Munoz Pantoja, Miguel"]
[Result "1/2-1/2"]
[WhiteTitle "IM"]
[BlackTitle "GM"]
[WhiteElo "2441"]
[BlackElo "2441"]
[WhiteFideId "24605417"]
[BlackFideId "3800229"]
[EventDate "2015.10.13"]

1. d4 c5 2. d5 Nf6 3. c4 g6 4. Nc3 Bg7 5. g3 O-O 6. Bg2 d6 7. Nf3 e5 8. dxe6
Bxe6 9. Nd2 Nc6 10. O-O d5 11. cxd5 Nxd5 12. Nde4 Nxc3 13. Nxc3 Qa5 14. Be3 Rad8
15. Qc2 Nd4 16. Bxd4 cxd4 17. Ne4 Rc8 18. Qd3 Rc7 19. a3 Bc4 20. Qd1 Qa6 21. Re1
Rd8 22. Rc1 Qb6 23. Qd2 d3 24. exd3 Rxd3 25. Qf4 h6 26. Rxc4 Rxc4 27. Nf6+ Bxf6
28. Qxc4 Rd2 29. Re2 Rd1+ 30. Bf1 Kg7 31. b4 Ra1 32. Qd3 Qc6 33. Rc2 Qe6 34. Kg2
h5 35. h4 Qg4 36. Be2 Qe6 37. Rc4 Qa6 38. Rc7 Qxd3 39. Bxd3 Rxa3 40. Bc4 Bd4 41.
Rxf7+ Kh8 42. Rxb7 Rc3 43. Bd5 Rc2 44. Rf7 Rb2 45. Be4 Rxb4 46. Bxg6 a5 47. Bxh5
Rb2 48. Rd7 Bxf2 49. Kh3 Rb3 50. Kg2 Bxg3 51. Rd4 Be5 52. Re4 Bc3 53. Be8 Kg7
54. h5 Rb2+ 55. Kf3 Rb6 56. Ke2 Kf8 57. Kd3 Bg7 58. Bg6 Bf6 59. Re8+ Kg7 60. Ra8
Rd6+ 61. Kc4 Rc6+ 62. Kb5 Re6 63. Kxa5 Bg5 64. Kb5 Rd6 65. Ra7+ Kf6 66. Rf7+ Ke6
67. Rf5 Rd5+ 1/2-1/2

[Event "World Blitz 2015"]
[Site "Berlin GER"]
[Date "2015.10.13"]
[Round "3.61"]
[White "Hirneise, Tobias"]
[Black "Stefansson, Hannes"]
[Result "1-0"]
[WhiteTitle "IM"]
[BlackTitle "GM"]
[WhiteElo "2457"]
[BlackElo "2602"]
[WhiteFideId "24600881"]
[BlackFideId "2300087"]
[EventDate "2015.10.13"]

1. e4 e5 2. Nf3 Nc6 3. Bb5 a6 4. Ba4 Nf6 5. O-O Be7 6. Re1 b5 7. Bb3 d6 8. c3
O-O 9. h3 Bb7 10. d4 Re8 11. Ng5 Rf8 12. Nf3 Nd7 13. Nbd2 Re8 14. Nf1 exd4 15.
cxd4 Na5 16. Bc2 Bf6 17. b3 c5 18. Bb2 Nc6 19. Qd2 Rc8 20. Rac1 Qa5 21. Qxa5
Nxa5 22. e5 Be7 23. exd6 Bxd6 24. Bf5 Red8 25. dxc5 Rxc5 26. Rxc5 Bxc5 27. Rd1
Bc8 28. Ne5 Bf8 1-0